000 01017nam a2200289 i 4500
003 DO-SdBNP
005 20250203130747.0
007 ta
008 240319b2003 dr ||||| |||| 00| 0 spa d
020 _a9993493241X
040 _aDO-SdBNP
_bspa
_cBNPHU
_erda
082 4 _axxx
_bP438n
_222
100 1 _aPérez, Odalís,
_eautor
_d1952-
_4aut.
_923828
245 1 0 _aNacionalismo y cultura en República Dominicana /
_cOdalís G. Pérez ; edición, Blas Jiménez
264 1 _aSanto Domingo :
_bEditora Centro de información Afroamericano,
_c2003.
300 _a101 páginas ;
_c21 cm.
336 _atexto
_btxt
_2rdacontent
337 _asin mediación
_bn
_2rdamedia
338 _avolumen
_bnc
_2rdacarrier
490 _aColección Nuevo Pensamiento Dominicano
_v2
500 _aIncluye datos biográficos del autor en la contracubierta
504 _aBibliografía : páginas 99-101
590 _aInventariado, 2024/BT
700 1 _aJiménez, Blas,
_eeditor
_4ed.
_925203
910 _aBtavárez
942 _2ddc
_cLBS1
999 _c56149
_d56149